[Event "GER-ch Seniors 65 32nd"]
[Site "Magdeburg"]
[Date "2020.08.19"]
[Round "6"]
[White "Boidman, Yuri"]
[Black "Ellenberg, Ekkehard"]
[Result "1-0"]
[WhiteElo "2328"]
[BlackElo "2051"]
[PlyCount "47"]
[EventDate "2020.08.14"]
[EventType "swiss"]
[EventRounds "9"]
[EventCountry "GER"]
[SourceTitle "EXT 2021"]
[Source "ChessBase"]
[SourceDate "2020.10.23"]
[SourceVersion "1"]
[SourceVersionDate "2020.10.23"]
[SourceQuality "1"]

1. e4 c5 2. Nf3 d6 3. d4 cxd4 4. Qxd4 Nc6 5. Bb5 Bd7 6. Bxc6 Bxc6 7. Nc3 e6 8. Bg5 Qa5 9. 0-0 Qc5 10. Qxc5 dxc5 11. Ne5 f6 12. Nxc6 fxg5 13. Ne5 Rc8 14. Nc4 a6 15. a4 Be7 16. e5 Nh6 17. Rad1 Nf7 18. Ne4 Rc6 19. a5 h6 20. Rd3 Rc8 21. Rfd1 0-0 22. Rd7 Rfd8 23. Nc3 Rb8 24. Rxe7 1-0

[Event "GER-chT Laender Seniors 65+"]
[Site "Templin"]
[Date "2018.09.12"]
[Round "2.3"]
[White "Ellenberg, Ekkehard"]
[Black "Schellhorn, Wolfgang"]
[Result "1-0"]
[WhiteElo "2014"]
[BlackElo "2138"]
[PlyCount "71"]
[EventDate "2018.09.10"]
[EventType "team-swiss"]
[EventRounds "7"]
[EventCountry "GER"]
[SourceTitle "EXT 2020"]
[Source "ChessBase"]
[SourceDate "2019.10.17"]
[SourceVersion "1"]
[SourceVersionDate "2019.10.17"]
[SourceQuality "1"]
[WhiteTeam "Brandenburg"]
[BlackTeam "Hamburg"]
[WhiteTeamCountry "GER"]
[BlackTeamCountry "GER"]

1. e4 c5 2. Nf3 d6 3. Bb5+ Nd7 4. a4 Ngf6 5. Nc3 a6 6. Be2 Qa5 7. 0-0 b5 8. d3 e6 9. Bd2 b4 10. Na2 Qc7 11. c3 a5 12. cxb4 axb4 13. Qc2 Qb6 14. b3 Bb7 15. Be3 Ng4 16. Bf4 Be7 17. h3 Nge5 18. Nxe5 Nxe5 19. Bxe5 dxe5 20. Rad1 0-0 21. Nc1 Rad8 22. Rfe1 Ba6 23. Bf1 Rd7 24. Re3 Bg5 25. Rf3 f5 26. Re1 Bb7 27. g3 c4 28. bxc4 fxe4 29. Rxf8+ Kxf8 30. c5 Qd8 31. dxe4 Rd2 32. Qc4 Qf6 33. Nd3 Bc6 34. Qxb4 h5 35. h4 Bh6 36. Qb8+ 1-0

[Event "Magdeburg Roechling Jubilee 2nd"]
[Site "Magdeburg"]
[Date "2018.02.26"]
[Round "3"]
[White "Ellenberg, Ekkehard"]
[Black "Pruefer, Friedbert"]
[Result "0-1"]
[WhiteElo "2023"]
[BlackElo "2147"]
[PlyCount "123"]
[EventDate "2018.02.24"]
[EventType "swiss"]
[EventRounds "9"]
[EventCountry "GER"]
[SourceTitle "EXT 2019"]
[Source "ChessBase"]
[SourceDate "2018.10.10"]
[SourceVersion "1"]
[SourceVersionDate "2018.10.10"]
[SourceQuality "1"]

1. e4 d6 2. d4 Nf6 3. Nc3 g6 4. Be2 Bg7 5. h4 c5 6. d5 h5 7. Nh3 0-0 8. Bf4 b5 9. Bf3 b4 10. Ne2 Ng4 11. Qc1 a5 12. c4 bxc3 13. bxc3 Nd7 14. Bxg4 hxg4 15. Ng5 Nf6 16. Be3 Rb8 17. Rb1 Ba6 18. Qc2 Rxb1+ 19. Qxb1 Qc7 20. Qc2 Rb8 21. 0-0 Qb6 22. Rc1 Qb2 23. Ng3 Qxc2 24. Rxc2 Nd7 25. f4 gxf3 26. Nxf3 Ne5 27. Nxe5 Bxe5 28. Kf2 Bxg3+ 29. Kxg3 Bd3 30. Rd2 Bxe4 31. Kf4 Bf5 32. g4 Bd7 33. h5 gxh5 34. gxh5 Kh7 35. Ke4 Bg4 36. h6 Bh5 37. Bf4 Bg6+ 38. Ke3 a4 39. Re2 a3 40. Kf2 Rb2 41. Bc1 Rxe2+ 42. Kxe2 Bb1 43. Bxa3 Bxa2 44. Bc1 Bxd5 45. Kf2 Be4 46. Bg5 f6 47. Bd2 Kg8 48. Ke3 Bg6 49. Kf2 Kf7 50. Ke3 d5 51. Kf3 e5 52. Bc1 Ke6 53. Ba3 Kd6 54. Ke3 d4+ 55. Kd2 Kd5 56. cxd4 exd4 57. Kd1 c4 58. Be7 f5 59. Bf6 f4 60. Bh4 c3 61. Bf2 d3 62. Bb6 0-1

[Event "GER-chT Seniors 26th"]
[Site "Templin"]
[Date "2017.10.01"]
[Round "7.2"]
[White "Ellenberg, Ekkehard"]
[Black "Gehrmann, Rudolf Rainer"]
[Result "1/2-1/2"]
[WhiteElo "2057"]
[BlackElo "2096"]
[PlyCount "25"]
[EventDate "2017.09.25"]
[EventType "team-swiss"]
[EventRounds "7"]
[EventCountry "GER"]
[SourceTitle "EXT 2019"]
[Source "ChessBase"]
[SourceDate "2018.10.10"]
[SourceVersion "1"]
[SourceVersionDate "2018.10.10"]
[SourceQuality "1"]
[WhiteTeam "Brandenburg II"]
[BlackTeam "Schleswig Holstein II"]
[WhiteTeamCountry "GER"]
[BlackTeamCountry "GER"]

1. e4 c5 2. Nf3 d6 3. Bb5+ Bd7 4. a4 Nc6 5. 0-0 g6 6. c3 Bg7 7. Re1 Nf6 8. d4 cxd4 9. cxd4 0-0 10. Nc3 Bg4 11. Be2 Rc8 12. Be3 Na5 13. Nd2 1/2-1/2

[Event "Oberliga Nord O 1617"]
[Site "Germany"]
[Date "2017.02.19"]
[Round "6.5"]
[White "Fidorra, Thomas"]
[Black "Ellenberg, Ekkehard"]
[Result "1-0"]
[WhiteElo "2035"]
[BlackElo "2106"]
[PlyCount "77"]
[EventDate "2016.10.16"]
[EventType "team-tourn"]
[EventRounds "9"]
[EventCountry "GER"]
[SourceTitle "EXT 2018"]
[Source "ChessBase"]
[SourceDate "2017.10.13"]
[SourceVersion "1"]
[SourceVersionDate "2017.10.13"]
[SourceQuality "1"]
[WhiteTeam "Guestrow/Teterow"]
[BlackTeam "Oranienburg"]
[WhiteTeamCountry "GER"]
[BlackTeamCountry "GER"]

1. e4 c5 2. Nf3 d6 3. Bb5+ Bd7 4. Bxd7+ Qxd7 5. c4 Nc6 6. d4 cxd4 7. Nxd4 Nf6 8. Nc3 Rc8 9. 0-0 g6 10. b3 Bg7 11. Bb2 0-0 12. Nxc6 bxc6 13. Qd2 Qc7 14. Rac1 Qa5 15. Rfd1 Qh5 16. Rc2 Bh6 17. Qe2 Qa5 18. a3 Nd7 19. b4 Qc7 20. Bc1 Bg7 21. Be3 Rfe8 22. Na4 a5 23. c5 axb4 24. axb4 Ra8 25. Nb6 Nxb6 26. cxb6 Qb7 27. Qc4 Rec8 28. Rdc1 e6 29. Qb3 Bf6 30. Ra2 Rxa2 31. Qxa2 Bd8 32. Qa7 Rb8 33. Qxb7 Rxb7 34. Rxc6 Kf8 35. Rxd6 Be7 36. Rc6 Bxb4 37. Rc7 Rb8 38. b7 Bd6 39. Bc5 1-0

[Event "GER CupT 1617 prel3"]
[Site "Elmshorn"]
[Date "2017.01.28"]
[Round "1.4"]
[White "Weber, Max"]
[Black "Ellenberg, Ekkehard"]
[Result "1-0"]
[WhiteElo "2220"]
[BlackElo "2109"]
[PlyCount "95"]
[EventDate "2017.01.28"]
[EventType "team-k.o."]
[EventRounds "2"]
[EventCountry "GER"]
[SourceTitle "EXT 2019"]
[Source "ChessBase"]
[SourceDate "2018.10.10"]
[SourceVersion "1"]
[SourceVersionDate "2018.10.10"]
[SourceQuality "1"]
[WhiteTeam "Greifswald"]
[BlackTeam "Oranienburg"]
[WhiteTeamCountry "GER"]
[BlackTeamCountry "GER"]

1. d4 Nf6 2. c4 e6 3. Nf3 Bb4+ 4. Nbd2 0-0 5. a3 Bxd2+ 6. Qxd2 d5 7. g3 c6 8. Bg2 Nbd7 9. Qc2 Re8 10. 0-0 Nf8 11. Rd1 b5 12. b3 Bb7 13. a4 bxc4 14. bxc4 Ba6 15. Ne5 Rc8 16. c5 N8d7 17. Nxd7 Nxd7 18. e4 dxe4 19. Bxe4 h6 20. Bf4 Nf6 21. Bg2 Re7 22. Qd2 Ne8 23. Rab1 Rd7 24. h4 Qe7 25. Qe1 Bc4 26. Rb4 Bd5 27. Rdb1 Rcd8 28. Bf1 g5 29. hxg5 hxg5 30. Bd2 f6 31. Qe3 Ng7 32. g4 Kf7 33. Bg2 Bxg2 34. Kxg2 e5 35. Qb3+ Qe6 36. Rb7 Qxb3 37. R1xb3 exd4 38. Ba5 Kg6 39. Bxd8 Rxd8 40. Re7 a5 41. Rbb7 Ne8 42. Red7 Rxd7 43. Rxd7 Ng7 44. Rd6 Kf7 45. Kf3 Ne6 46. Rxc6 Ke7 47. Ke4 Kd7 48. Rxe6 1-0

[Event "Oberliga Nord O 1617"]
[Site "Germany"]
[Date "2016.12.04"]
[Round "3.5"]
[White "Ellenberg, Ekkehard"]
[Black "Trenner, Rolf"]
[Result "0-1"]
[WhiteElo "2106"]
[BlackElo "2159"]
[PlyCount "64"]
[EventDate "2016.10.16"]
[EventType "team-tourn"]
[EventRounds "9"]
[EventCountry "GER"]
[SourceTitle "EXT 2018"]
[Source "ChessBase"]
[SourceDate "2017.10.13"]
[SourceVersion "1"]
[SourceVersionDate "2017.10.13"]
[SourceQuality "1"]
[WhiteTeam "Oranienburg"]
[BlackTeam "Potsdam Empor"]
[WhiteTeamCountry "GER"]
[BlackTeamCountry "GER"]

1. Nf3 Nf6 2. g3 c5 3. d3 d5 4. Bg2 Nc6 5. Nbd2 Bg4 6. h3 Bf5 7. 0-0 Qd7 8. Kh2 h6 9. c4 d4 10. Ne1 e5 11. Ne4 Nxe4 12. dxe4 Be6 13. b3 Be7 14. f4 exf4 15. gxf4 f6 16. Nd3 g5 17. Ba3 b6 18. f5 Bf7 19. Qd2 0-0-0 20. b4 cxb4 21. Nxb4 Ne5 22. Rac1 Bc5 23. Kh1 Qd6 24. Qb2 h5 25. Qb3 Ng4 26. hxg4 hxg4+ 27. Kg1 d3+ 28. Rf2 g3 29. Nxd3 gxf2+ 30. Kf1 Bxa3 31. Rd1 Qg3 32. Nxf2 Qxb3 0-1

[Event "Oberliga Nord O 1617"]
[Site "Germany"]
[Date "2016.11.20"]
[Round "2.5"]
[White "Nitsche Hahn, Raphael"]
[Black "Ellenberg, Ekkehard"]
[Result "0-1"]
[WhiteElo "1933"]
[BlackElo "2106"]
[PlyCount "38"]
[EventDate "2016.10.16"]
[EventType "team-tourn"]
[EventRounds "9"]
[EventCountry "GER"]
[SourceTitle "EXT 2018"]
[Source "ChessBase"]
[SourceDate "2017.10.13"]
[SourceVersion "1"]
[SourceVersionDate "2017.10.13"]
[SourceQuality "1"]
[WhiteTeam "Berlin Empor"]
[BlackTeam "Oranienburg"]
[WhiteTeamCountry "GER"]
[BlackTeamCountry "GER"]

1. d4 Nf6 2. Bf4 e6 3. e3 b6 4. Nd2 Bb7 5. Ngf3 Be7 6. Bd3 d5 7. c3 Nbd7 8. Ne5 0-0 9. h4 Ne4 10. Bxe4 dxe4 11. Nxd7 Qxd7 12. Qc2 f5 13. f3 c5 14. dxc5 Bxc5 15. fxe4 e5 16. Bxe5 Bxe3 17. Qb3+ Kh8 18. Rd1 fxe4 19. Rf1 Bxd2+ 0-1

[Event "GER-chT Seniors 25th"]
[Site "Magdeburg"]
[Date "2016.10.14"]
[Round "6.4"]
[White "Ellenberg, Ekkehard"]
[Black "Kopp, Peter"]
[Result "1/2-1/2"]
[WhiteElo "2109"]
[BlackElo "2055"]
[PlyCount "126"]
[EventDate "2016.10.09"]
[EventType "team-swiss"]
[EventRounds "7"]
[EventCountry "GER"]
[SourceTitle "EXT 2019"]
[Source "ChessBase"]
[SourceDate "2018.10.10"]
[SourceVersion "1"]
[SourceVersionDate "2018.10.10"]
[SourceQuality "1"]
[WhiteTeam "Brandenburg"]
[BlackTeam "Hessen II"]
[WhiteTeamCountry "GER"]
[BlackTeamCountry "GER"]

1. e4 e5 2. Nf3 d6 3. Bc4 Nd7 4. 0-0 Be7 5. Nc3 c6 6. a4 a5 7. d3 Nb6 8. Bb3 Nf6 9. d4 Qc7 10. h3 0-0 11. dxe5 dxe5 12. Be3 Nfd7 13. Nd2 Nc5 14. Nc4 Nxc4 15. Bxc4 Be6 16. Qe2 Bxc4 17. Qxc4 Ne6 18. Rfd1 Rfd8 19. g3 h6 20. Kg2 Rxd1 21. Rxd1 Rd8 22. Rf1 Bg5 23. Bxg5 hxg5 24. Qe2 Qb6 25. Nd1 Qb4 26. c3 Qxa4 27. Rh1 Qb5 28. Qg4 Rd2 29. Re1 Qd3 30. Qf3 Qd6 31. Qg4 a4 32. Rh1 Qd3 33. Qf3 Nc5 34. Re1 Qd7 35. Ne3 Qd3 36. Nd1 g6 37. Qg4 Kg7 38. Qxg5 f6 39. Qg4 Nxe4 40. Qxe4 Rxd1 41. Qxd3 Rxd3 42. Re4 b5 43. Re2 Kf7 44. h4 a3 45. bxa3 Rxc3 46. Ra2 Rc4 47. Re2 e4 48. Re3 f5 49. f3 Rc2+ 50. Kh3 exf3 51. Rxf3 Rc4 52. Re3 Kf6 53. Rf3 Ke5 54. Re3+ Re4 55. Rd3 Rd4 56. Rf3 Ke4 57. Rf1 Rd3 58. a4 bxa4 59. Rf4+ Kd5 60. Rxa4 c5 61. Ra6 c4 62. Rxg6 c3 63. Rf6 Ke5 1/2-1/2

[Event "GER-chT Seniors 25th"]
[Site "Magdeburg"]
[Date "2016.10.13"]
[Round "5.24"]
[White "Dornieden, Manfred"]
[Black "Ellenberg, Ekkehard"]
[Result "1/2-1/2"]
[WhiteElo "2209"]
[BlackElo "2109"]
[PlyCount "106"]
[EventDate "2016.10.09"]
[EventType "team-swiss"]
[EventRounds "7"]
[EventCountry "GER"]
[SourceTitle "EXT 2019"]
[Source "ChessBase"]
[SourceDate "2018.10.10"]
[SourceVersion "1"]
[SourceVersionDate "2018.10.10"]
[SourceQuality "1"]
[WhiteTeam "Niedersachsen"]
[BlackTeam "Brandenburg"]
[WhiteTeamCountry "GER"]
[BlackTeamCountry "GER"]

1. g3 Nf6 2. Bg2 d5 3. Nf3 e6 4. 0-0 Be7 5. b3 0-0 6. Bb2 Nbd7 7. d3 c6 8. Nbd2 Ne8 9. e4 Bf6 10. e5 Be7 11. Qe2 Nc7 12. Rfe1 Re8 13. a4 a5 14. Bh3 Nf8 15. Rac1 Bd7 16. c4 Na6 17. Bc3 Nb4 18. Nd4 Na2 19. Rc2 Nxc3 20. Rxc3 Qb6 21. N4f3 d4 22. Rc2 c5 23. Rb1 Bc6 24. Bg2 Qd8 25. Ne1 Bxg2 26. Nxg2 Qd7 27. Rf1 Ra6 28. Nb1 Rc6 29. Na3 b6 30. Nb5 f5 31. exf6 gxf6 32. f4 Bd8 33. Qe4 f5 34. Qf3 Re7 35. Re2 Rg7 36. Rfe1 Bf6 37. h3 Rc8 38. Kh2 Qc6 39. Qxc6 Rxc6 40. Rf1 Kf7 41. Ne1 Ke7 42. Nf3 Kd7 43. Rfe1 Rc8 44. Na3 Re8 45. Nb1 Kd6 46. Nbd2 Kd7 47. Rg1 Ng6 48. Ne5+ Bxe5 49. fxe5 Reg8 50. Nf3 Nh8 51. Rgg2 Nf7 52. Nh4 Nh6 53. Ref2 Ke7 1/2-1/2

[Event "GER-chT Seniors 25th"]
[Site "Magdeburg"]
[Date "2016.10.11"]
[Round "3.16"]
[White "Ellenberg, Ekkehard"]
[Black "Burchardt, Brigitte"]
[Result "0-1"]
[WhiteElo "2109"]
[BlackElo "2161"]
[PlyCount "42"]
[EventDate "2016.10.09"]
[EventType "team-swiss"]
[EventRounds "7"]
[EventCountry "GER"]
[SourceTitle "EXT 2019"]
[Source "ChessBase"]
[SourceDate "2018.10.10"]
[SourceVersion "1"]
[SourceVersionDate "2018.10.10"]
[SourceQuality "1"]
[WhiteTeam "Brandenburg"]
[BlackTeam "Berlin"]
[WhiteTeamCountry "GER"]
[BlackTeamCountry "GER"]

1. e4 c5 2. Nf3 d6 3. Bb5+ Bd7 4. a4 Nc6 5. 0-0 Nf6 6. Re1 e6 7. Nc3 Be7 8. d4 0-0 9. e5 Ne8 10. dxc5 dxc5 11. Ne4 Qc7 12. Bf4 Rd8 13. Qe2 a6 14. Bd3 Nb4 15. Bc4 b5 16. axb5 axb5 17. Nf6+ Bxf6 18. c3 bxc4 19. Qxc4 Nd5 20. Bg3 Be7 21. h4 Qb7 0-1

[Event "GER-chT Seniors 25th"]
[Site "Magdeburg"]
[Date "2016.10.09"]
[Round "1.16"]
[White "Ellenberg, Ekkehard"]
[Black "Urytskyy, Arkadiy"]
[Result "1/2-1/2"]
[WhiteElo "2109"]
[BlackElo "2178"]
[PlyCount "121"]
[EventDate "2016.10.09"]
[EventType "team-swiss"]
[EventRounds "7"]
[EventCountry "GER"]
[SourceTitle "EXT 2019"]
[Source "ChessBase"]
[SourceDate "2018.10.10"]
[SourceVersion "1"]
[SourceVersionDate "2018.10.10"]
[SourceQuality "1"]
[WhiteTeam "Brandenburg"]
[BlackTeam "Bayern"]
[WhiteTeamCountry "GER"]
[BlackTeamCountry "GER"]

1. Nf3 c5 2. g3 Nf6 3. Bg2 d5 4. d3 Nc6 5. Nbd2 g6 6. c3 Bg7 7. 0-0 0-0 8. Qc2 Qc7 9. e4 Rd8 10. Re1 dxe4 11. dxe4 e5 12. Nf1 b6 13. Bg5 h6 14. Bxf6 Bxf6 15. Ne3 Ne7 16. Rad1 Bb7 17. h4 h5 18. Nh2 Rxd1 19. Rxd1 Rd8 20. Nhf1 Bg7 21. Rd2 Bh6 22. Qd1 Rxd2 23. Qxd2 Bc6 24. Qd3 Qd7 25. Nd5 Bxd5 26. exd5 Nc8 27. Ne3 Bxe3 28. Qxe3 Qf5 29. Be4 Qf6 30. Kg2 Nd6 31. Bd3 Kg7 32. a4 Qe7 33. b3 f5 34. c4 Qf6 35. Bc2 e4 36. Bd1 Qd4 37. Be2 Nf7 38. Qc1 a5 39. Qe3 Qb2 40. Kg1 Ne5 41. Kg2 Qd4 42. Qg5 Nf7 43. Qe3 Kf6 44. Kg1 Qb2 45. Kg2 Kg7 46. Kg1 Qa1+ 47. Kg2 Qe1 48. Bf1 Qd1 49. Be2 Qc2 50. Kg1 Ne5 51. Kg2 Qb2 52. Kg1 Qd4 53. Kg2 Qxe3 54. fxe3 Kf6 55. Kf2 Nf7 56. Bd1 Ke5 57. Be2 Nd6 58. Ke1 Ne8 59. Kf2 Nc7 60. Ke1 Na6 61. Kd2 1/2-1/2

[Event "GER-chT Seniors 24th"]
[Site "Berlin"]
[Date "2015.09.07"]
[Round "2.1"]
[White "Ellenberg, Ekkehard"]
[Black "Salov, Sergej"]
[Result "1/2-1/2"]
[WhiteElo "2106"]
[BlackElo "2251"]
[PlyCount "101"]
[EventDate "2015.09.06"]
[EventType "team-swiss"]
[EventRounds "7"]
[EventCountry "GER"]
[SourceTitle "EXT 2018"]
[Source "ChessBase"]
[SourceDate "2017.10.13"]
[SourceVersion "1"]
[SourceVersionDate "2017.10.13"]
[SourceQuality "1"]
[WhiteTeam "Brandenburg II"]
[BlackTeam "Schleswig Holstein Seniors"]
[WhiteTeamCountry "GER"]
[BlackTeamCountry "GER"]

1. e4 c5 2. Nf3 e6 3. Nc3 a6 4. g3 b5 5. Bg2 Bb7 6. d3 Be7 7. 0-0 d6 8. Qe2 Nf6 9. a4 b4 10. Nd1 Nc6 11. c3 0-0 12. Nd2 d5 13. e5 Nd7 14. f4 bxc3 15. bxc3 Rb8 16. Nf3 Na5 17. Qc2 Bc6 18. Nd2 Nb6 19. Nb2 Qd7 20. Bh3 Qb7 21. Rf2 Nd7 22. Bg4 Nb3 23. Nxb3 Qxb3 24. Qd2 d4 25. c4 Qc3 26. Qxc3 dxc3 27. Nd1 Bd8 28. Nxc3 Ba5 29. Rc2 Rb3 30. Bd2 Rfb8 31. Raa2 Nb6 32. Bd1 Bxc3 33. Rxc3 Rb1 34. Rc1 Nd7 35. Bc2 R1b2 36. Raa1 g6 37. Bc3 R2b7 38. a5 h5 39. Rcb1 Rxb1+ 40. Rxb1 Rxb1+ 41. Bxb1 Ba4 42. Kf2 Nb8 43. Ba2 Nc6 44. Ke3 Kf8 45. Kd2 Ke8 46. Bb1 Kd7 47. Bc2 Bxc2 48. Kxc2 Kc7 49. h4 Kd7 50. Kd1 Ne7 51. Be1 1/2-1/2

[Event "GER-chT Seniors 23rd"]
[Site "Bergen"]
[Date "2014.09.03"]
[Round "3.2"]
[White "Ellenberg, Ekkehard"]
[Black "Werchan, Hans"]
[Result "1-0"]
[WhiteElo "2106"]
[BlackElo "2141"]
[PlyCount "31"]
[EventDate "2014.09.01"]
[EventType "team-swiss"]
[EventRounds "7"]
[EventCountry "GER"]
[SourceTitle "EXT 2018"]
[Source "ChessBase"]
[SourceDate "2017.10.13"]
[SourceVersion "1"]
[SourceVersionDate "2017.10.13"]
[SourceQuality "1"]

1. e4 c5 2. Nf3 d6 3. Bb5+ Nd7 4. 0-0 a6 5. Bxd7+ Bxd7 6. d4 cxd4 7. Qxd4 Nf6 8. Re1 g6 9. e5 dxe5 10. Qxe5 Bg7 11. Nc3 Bc6 12. Bg5 0-0 13. Qxe7 Qb6 14. Bxf6 Bxf6 15. Qxf6 Qxb2 16. Nd5 1-0

[Event "GER-chT Seniors 23rd"]
[Site "Bergen"]
[Date "2014.09.02"]
[Round "2.2"]
[White "Albrecht, Rainer"]
[Black "Ellenberg, Ekkehard"]
[Result "1/2-1/2"]
[WhiteElo "2109"]
[BlackElo "2106"]
[PlyCount "20"]
[EventDate "2014.09.01"]
[EventType "team-swiss"]
[EventRounds "7"]
[EventCountry "GER"]
[SourceTitle "EXT 2018"]
[Source "ChessBase"]
[SourceDate "2017.10.13"]
[SourceVersion "1"]
[SourceVersionDate "2017.10.13"]
[SourceQuality "1"]

1. d4 Nf6 2. c4 e6 3. Nc3 d5 4. cxd5 exd5 5. Bg5 Be7 6. e3 c6 7. Bd3 Nbd7 8. Qc2 0-0 9. Nf3 Re8 10. h3 Nf8 1/2-1/2

[Event "GER-chT Seniors 23rd"]
[Site "Bergen"]
[Date "2014.09.01"]
[Round "1.2"]
[White "Ellenberg, Ekkehard"]
[Black "Liersch, Andreas"]
[Result "1/2-1/2"]
[WhiteElo "2106"]
[BlackElo "2257"]
[PlyCount "46"]
[EventDate "2014.09.01"]
[EventType "team-swiss"]
[EventRounds "7"]
[EventCountry "GER"]
[SourceTitle "EXT 2018"]
[Source "ChessBase"]
[SourceDate "2017.10.13"]
[SourceVersion "1"]
[SourceVersionDate "2017.10.13"]
[SourceQuality "1"]

1. e4 c5 2. Nf3 e6 3. Nc3 a6 4. d3 Nc6 5. g3 d6 6. Bg2 Be7 7. 0-0 Bf6 8. Ne2 Nge7 9. c3 d5 10. Qc2 0-0 11. Nf4 g6 12. Re1 Qc7 13. h4 Bd7 14. Nh2 dxe4 15. dxe4 Ne5 16. Be3 Rad8 17. Rad1 b6 18. Nd3 Nxd3 19. Rxd3 Bb5 20. Rxd8 Rxd8 21. Ng4 Bg7 22. Rd1 h5 23. Nh2 Rd2 1/2-1/2

[Event "Berlin op 08"]
[Site "Berlin"]
[Date "2006.08.19"]
[Round "1"]
[White "Ellenberg, Ekkehard"]
[Black "Exner, Roland"]
[Result "1-0"]
[WhiteElo "2153"]
[BlackElo "1788"]
[PlyCount "103"]
[EventDate "2006.08.19"]
[EventType "swiss"]
[EventRounds "9"]
[EventCountry "GER"]
[SourceTitle "EXT 2007"]
[Source "ChessBase"]
[SourceDate "2006.11.23"]
[SourceVersion "1"]
[SourceVersionDate "2006.11.23"]
[SourceQuality "1"]

1. e4 e6 2. d3 d5 3. Nd2 Nf6 4. Ngf3 Be7 5. c3 c5 6. Be2 Nc6 7. 0-0 Qb6 8. Re1 0-0 9. Qc2 Bd7 10. Nf1 d4 11. Bf4 Nh5 12. Ne5 Nxe5 13. Bxe5 f6 14. Bxd4 cxd4 15. Bxh5 dxc3 16. bxc3 Rac8 17. c4 Qa5 18. Bf3 Bb4 19. Re2 b5 20. Nd2 Rfd8 21. Rb1 e5 22. Qd1 Be6 23. Nb3 Qa3 24. cxb5 Bc4 25. Nc1 Bxb5 26. Rc2 Ba4 27. Nb3 Ba5 28. Bg4 Rb8 29. Be6+ Kh8 30. Bc4 Bb6 31. Qe2 Qe7 32. Rcc1 Qe8 33. Nd2 Bd7 34. Nf1 Bd4 35. Ne3 Bc6 36. Nf5 Bb6 37. Ne3 Bd4 38. Bd5 Bd7 39. Nc4 Qe7 40. Qd2 Bb5 41. h3 Bxc4 42. dxc4 Qc5 43. Rb3 Rb6 44. Rcb1 Rdb8 45. Qc2 g6 46. g3 Kg7 47. Kg2 Rb4 48. h4 Rxb3 49. Rxb3 Rb4 50. h5 Qb6 51. h6+ Kxh6 52. Qd2+ 1-0

[Event "Berlin tt 0001"]
[Site "Berlin"]
[Date "2001.02.04"]
[Round "11.1"]
[White "Ellenberg, Ekkehard"]
[Black "Bruchmann, Stephan"]
[Result "1/2-1/2"]
[WhiteElo "2138"]
[BlackElo "2251"]
[PlyCount "139"]
[EventDate "2000.10.22"]
[EventType "team"]
[EventRounds "11"]
[EventCountry "GER"]
[SourceTitle "EXT 2007"]
[Source "ChessBase"]
[SourceDate "2006.11.23"]
[SourceVersion "1"]
[SourceVersionDate "2006.11.23"]
[SourceQuality "1"]

1. Nf3 d5 2. b3 Bg4 3. Bb2 Bxf3 4. exf3 e6 5. f4 Nf6 6. g3 g6 7. Bg2 Bg7 8. Qe2 0-0 9. 0-0 c6 10. d3 Nbd7 11. Nd2 Nh5 12. Be5 Qb6 13. Bf3 Nhf6 14. Bb2 Ne8 15. c3 Nd6 16. Ba3 Qc7 17. Rac1 Rfe8 18. d4 Nf5 19. Bg2 Qa5 20. Nb1 Qb6 21. Rfd1 a5 22. g4 Nh4 23. Rc2 Nxg2 24. Kxg2 Rac8 25. Bc1 c5 26. Be3 Qc6 27. Rb2 cxd4 28. cxd4 Qb6 29. Na3 Rc6 30. Nb5 Rec8 31. a4 Nf6 32. f3 Ne8 33. Bf2 Nc7 34. Na3 Bf8 35. Nc2 Na6 36. Ne3 Bg7 37. f5 Nb4 38. h4 Re8 39. fxg6 hxg6 40. g5 Rec8 41. Ng4 Rc2 42. Rxc2 Rxc2 43. Qe3 Qc7 44. Nf6+ Kf8 45. Ng4 Rc3 46. Qe2 Qf4 47. Bg3 Qf5 48. Ne3 Rxe3 49. Qxe3 Qc2+ 50. Rd2 Qc1 51. Bd6+ Kg8 52. Bxb4 axb4 53. Qd3 Qe1 54. Rf2 Qa1 55. Rd2 Qe1 56. Rd1 Qxh4 57. Qd2 b6 58. Rh1 Qxd4 59. Qxd4 Bxd4 60. f4 f6 61. gxf6 Kf7 62. Kf3 Kxf6 63. Rh8 e5 64. fxe5+ Kxe5 65. Re8+ Kf5 66. Rd8 Ke5 67. Rg8 Kf5 68. Rd8 Ke5 69. Rg8 Kf5 70. Rd8 1/2-1/2

[Event "Berlin tt 0001"]
[Site "Berlin"]
[Date "2001.01.21"]
[Round "5.1"]
[White "Roth, Josef"]
[Black "Ellenberg, Ekkehard"]
[Result "1/2-1/2"]
[WhiteElo "2082"]
[BlackElo "2138"]
[PlyCount "84"]
[EventDate "2000.10.22"]
[EventType "team"]
[EventRounds "11"]
[EventCountry "GER"]
[SourceTitle "EXT 2007"]
[Source "ChessBase"]
[SourceDate "2006.11.23"]
[SourceVersion "1"]
[SourceVersionDate "2006.11.23"]
[SourceQuality "1"]

1. e4 c5 2. Nf3 d6 3. d4 cxd4 4. Nxd4 Nf6 5. Nc3 Nc6 6. Be2 e5 7. Nf3 h6 8. 0-0 Be6 9. Re1 Be7 10. Bf1 0-0 11. Nd5 Bg4 12. h3 Bh5 13. Nxf6+ Bxf6 14. c3 Qc7 15. g4 Bg6 16. g5 hxg5 17. Nxg5 Bxg5 18. Bxg5 f6 19. Bd2 Ne7 20. Bg2 Rad8 21. Qg4 Qc4 22. b3 Qc7 23. Qh4 f5 24. Bg5 Rd7 25. Bxe7 Rxe7 26. exf5 Bxf5 27. Rad1 Re6 28. Re3 Rh6 29. Qb4 Qe7 30. Qxb7 Qxb7 31. Bxb7 Bxh3 32. Bd5+ Be6 33. Bxe6+ Rxe6 34. Red3 Rff6 35. c4 e4 36. Re3 Rf5 37. Rde1 Rfe5 38. Kf1 Kf7 39. Ke2 Kf6 40. f3 g5 41. Kf2 exf3 42. Rxf3+ Rf5 1/2-1/2